01498nam a22002177a 450000500170000000800410001702000180005805000260007610000320010224501280013426000380026230000310030033700100033133800140034150000310035552007560038665000320114265000350117465000360120970000350124520231102151836.0150707s2010 cc a|||f |||| 00| 0 spa d a97884342336451 aNA2543.S47 bB35 20111 aBahamón, AlejandroeAutor10aLuz, Color, Sonidob: efectos sensoriales en la arquitectura contemporáneac/ Alejandro Bahamón y Ana María Álvarez aChina :bParramón : Pad cc2010 a335 paginasbilustraciones aTexto aSin medio aBibliografía\ Directorio1 a Resumen del libro: En luz, color, sonido se presenta la obra de arquitectos y diseñadores alrededor del mundo que hacen de los efectos sensoriales el tema central de diseño. En la presentación de cada proyecto se hace énfasis en el lenguaje formal, el papel del edificio en la configuración del paisaje contemporáneo y el aspecto tecnológico implicado en cada caso. Como complemento, se reúne la visión de cinco profesionales y catedráticos que han profundizado en el tema de los efectos sensoriales en la arquitectura contemporánea, en los que se esboza un panorama de la luz, el color y el sonido a lo largo de la historia de la arquitectura en el siglo XX e inicio del XXI y el papel de estos elementos en la actualidad.14xSENTIDOS EN LA ARQUITECTURA24xARQUITECTURA MODERNAvSIGLO XX24xARQUITECTURA MODERNAvSIGLO XXI12aÁlvarez, Ana Maríaecoaut.